000 00485cam a2200181 a 4500
020 _a9780077805036
020 _a9780077805036
020 _a0077805038
020 _a9780077805043
020 _a0077805046
050 0 0 _aQA 276.12
_b.B4 2013
100 1 _aBluman, Allan G.
245 1 0 _aElementary statistics :
_ba brief version /
_cAllan G. Bluman.
250 _a6th ed.
260 _aNew York, NY :
_bMcGraw-Hill,
_c2013.
300 _a1 v. (various pagings) :
942 _2lcc
_cGEN
999 _c8157
_d8157